000 01249nam a2200229Ia 4500
003 Ost
005 20260507075639.0
008 260507s9999||||xx |||||||||||||| ||und||
040 _cfsecg
041 _aara
082 _a350
100 _aمرسى، نبيل محمد
_eمؤلف
245 0 _aالتحليل الكمي في مجال الأعمال :
_bأساسيات علم الإدارة التطبيقي /
_c نبيل محمد مرسى
260 _aالإسكندرية:
_bدار الجامعة الجديدة,
_c2004
300 _a410 صفحة؛
_bإيضاحات ؛
_c24 سم
504 _aالمراجع ص.410
520 _aمقدمة في علم الإدارة، تحليل القرارات ،نظرية المباراة ،البرمجة الخطية ،أسلوب الحل البياني وأسلوب السميلكي ،تحليل الحسابية والثنائية،النماذج الشبكية،برمجة الأهداف،ادارة المشروعات ،التنبؤ بالطب،نمج جدولة الأعمال ،أسلوب النقل ، نماذج صفوف الانتظار
653 _aاتخاذ القرار
653 _aإدارة البرمجة الخطية
653 _aالتحليل الكمي
942 _cكتاب
999 _c45362
_d45362